000 00319nam a22001097a 4500
040 _cRUA
082 _aMST DEC 2017 C011 Or.
245 _aMid-term and Strategic Review of the National Strategy for food Security and Nutrition 2014-2018.
260 _aphnom penh
_brua
_c2017
300 _a53p.
_bill.
_c29cm.
942 _cREC
999 _c22128
_d22128